000 01328nam0a22002891 4500
001 rc\4443249
005 20260407142400.0
021 _aRU
_b[68-3933]
035 _a(NLR Aleph) 008582458
090 _a8593784
_c8593784
100 _a20130416d1967 |||y0rusy50 ca
101 0 _arus
102 _aRU
105 _ay z |||||
200 1 _aИнструкция для оператора головных сооружений магистральных газопроводов
_eПримерная
_fМ-во газовой пром-сти. Всесоюз. науч.-исслед. ин-т природных газов "ВНИИГаз"
210 _aМосква
_cНедра
_d1967
215 _a22 с.
_d20
225 1 _aСерия техники безопасности при эксплуатации магистральных газопроводов
300 _aНа обороте тит. л. сост.: инж. Ю.П. Плыкин
606 _aГазопроводы магистральные
_xЭксплуатация
_xТехника безопасности
_2psbo
702 1 _aПлыкин
_bЮ.П.
_4220
712 0 2 _aВНИИ природных газов
_3RU\NLR\AUTH\8810011960
_9521682
801 0 _aRU
_bNLR
_gpsbo
801 1 _aRU
_bELAR
_2rusmarc
852 _aNLR
_j68-4/2793
942 _cBOOK
980 _aNB